Vista normal
Vista MARC
Entrada Topical Term
Número de registros utilizados en: 1
001 - CONTROL NUMBER
- control field: 36414
003 - CONTROL NUMBER IDENTIFIER
- control field: OSt
005 - DATE AND TIME OF LATEST TRANSACTION
- control field: 20210323104754.0
008 - FIXED-LENGTH DATA ELEMENTS
- fixed length control field: 210323|| aca||aabn | a|a d
040 ## - CATALOGING SOURCE
- Original cataloging agency: OSt
- Transcribing agency: OSt
150 ## - HEADING--TOPICAL TERM
- Topical term or geographic name entry element: Hacienda pública
- Form subdivision: Colecciones de escritos
- General subdivision: Investigaciones
670 ## - SOURCE DATA FOUND
- Source citation: Work cat.: (OSt): Ayala Vela, Horacio, autor 19786, 30 años de impuestos y algo más / , 2012